(فطرت اور صحت)Fitrat aur sehat (Urdu) (Record no. 68801)
[ view plain ]
| 000 -LEADER | |
|---|---|
| fixed length control field | 00577nam a2200181Ia 4500 |
| 001 - CONTROL NUMBER | |
| control field | 65485 |
| 003 - CONTROL NUMBER IDENTIFIER | |
| control field | OSt |
| 005 - DATE AND TIME OF LATEST TRANSACTION | |
| control field | 20160315115054.0 |
| 008 - FIXED-LENGTH DATA ELEMENTS--GENERAL INFORMATION | |
| fixed length control field | 150403s9999 xx 000 0 und d |
| 040 ## - CATALOGING SOURCE | |
| Transcribing agency | PK-LaUMT |
| 082 ## - DEWEY DECIMAL CLASSIFICATION NUMBER | |
| Classification number | 613 |
| Item number | GHU-F |
| 100 ## - MAIN ENTRY--PERSONAL NAME | |
| Personal name | Ghulam Rasool Shah Gilani |
| 245 ## - TITLE STATEMENT | |
| Title | (فطرت اور صحت)Fitrat aur sehat (Urdu) |
| Statement of responsibility, etc | (غلام رسول شاہ گیلانی)Ghulam Rasool Shah Gilani |
| 260 ## - PUBLICATION, DISTRIBUTION, ETC. (IMPRINT) | |
| Place of publication, distribution, etc | (لاہور، پاکستان)Lahore,Pakistan: |
| Name of publisher, distributor, etc | (الفیصل ناشران)Al-Faisal Nashran, |
| Date of publication, distribution, etc | N.D. |
| 300 ## - PHYSICAL DESCRIPTION | |
| Extent | 222 p. |
| 546 ## - LANGUAGE NOTE | |
| Language note | UR |
| 942 ## - ADDED ENTRY ELEMENTS (KOHA) | |
| Koha item type | Books |
| Source of classification or shelving scheme | Dewey Decimal Classification |
| Withdrawn status | Lost status | Damaged status | Not for loan | Home library | Current library | Date acquired | Total Checkouts | Full call number | Barcode | Date last seen | Price effective from | Koha item type |
|---|---|---|---|---|---|---|---|---|---|---|---|---|
| UMT Main Campus | UMT Main Campus | 2015-04-03 | 613 GHU-F | 89293 | 2015-04-03 | 2015-04-03 | Books |
